Current issues of the international politics through the eyes of young European collection of papers from the International conference of young scholars 2005

Guardado en:
Detalles Bibliográficos
Autores Corporativos: Current issues of the international politics through the eyes of young European. International conference of young scholars, Vysoká škola ekonomická v Praze
Otros Autores: Hunčová, Dagmar
Formato: Libro
Lenguaje:inglés
Publicado: Praha Oeconomica, Nakladatelství VŠE 2005
Materias:
Etiquetas: Agregar Etiqueta
Sin Etiquetas, Sea el primero en etiquetar este registro!

MARC

LEADER 00000nlm$a2200000$$$4500
001 0060654
005 20220909100817.2
020 |a 80-245-1009-X 
041 0 |a eng 
044 |a CZ 
245 1 0 |a Current issues of the international politics through the eyes of young European  |b collection of papers from the International conference of young scholars 2005  |c edited by Dagmar Hunčová 
264 1 |a Praha  |b Oeconomica, Nakladatelství VŠE  |c 2005 
300 |a CD-ROM 
610 2 0 |a politika medzinárodná 
610 2 0 |a vzťahy medzinárodné 
610 2 0 |a vzťahy politické medzinárodné 
700 1 |a Hunčová, Dagmar 
110 2 |a Current issues of the international politics through the eyes of young European. International conference of young scholars 
710 2 |a Vysoká škola ekonomická v Praze